logo

Bir Sreshtho Munshi Abdur Rouf Library
Jhenaidah Cadet College

The sunspace primer : (Record no. 5779)

MARC details
000 -LEADER
fixed length control field 00809nam a2200253 a 4500
001 - CONTROL NUMBER
JCCL Control Number 5779
003 - CONTROL NUMBER IDENTIFIER
JCCL marc code BD-JhCC
005 - DATE AND TIME OF LATEST TRANSACTION
control field 20171221110951.0
008 - FIXED-LENGTH DATA ELEMENTS--GENERAL INFORMATION
fixed length control field 171221s1984 nyua b 001 0 eng d
020 ## - INTERNATIONAL STANDARD BOOK NUMBER
International Standard Book Number 0442245750
035 ## - SYSTEM CONTROL NUMBER
system control number (BD-JhCC)5779
040 ## - CATALOGING SOURCE
Original cataloging agency BD-JhCC
Transcribing agency DLC
Modifying agency BD-JhCC
041 ## - LANGUAGE CODE
Language code of Book eng
050 00 - LIBRARY OF CONGRESS CALL NUMBER
Classification number TH7413
Item number .J66 1984
082 00 - DEWEY DECIMAL CLASSIFICATION NUMBER
Classification number 697/.78
DDC Edition number 19
Author mark and Year JON 1984
100 1# - MAIN ENTRY--PERSONAL NAME
Personal name Jones, Robert W.
Fuller form of name (Robert William),
Dates associated with a name 1940-
245 14 - TITLE STATEMENT
Title The sunspace primer :
Remainder of title a guide for passive solar heating /
Statement of responsibility, etc Robert W. Jones, Robert D. McFarland.
260 ## - PUBLICATION, DISTRIBUTION, ETC. (IMPRINT)
Place of publication, distribution, etc New York :
Name of publisher, distributor, etc Van Nostrand Reinhold,
Date of publication, distribution, etc c1984.
300 ## - PHYSICAL DESCRIPTION
Pagination xiv, 285 p. :
Other physical details ill. ;
Dimensions 24 cm.
504 ## - BIBLIOGRAPHY, ETC. NOTE
Bibliography, etc Includes bibliographical references and index.
650 #0 - SUBJECT ADDED ENTRY--TOPICAL TERM
Topical term or geographic name as entry element Solar heating
General subdivision Passive systems.
700 1# - ADDED ENTRY--PERSONAL NAME
Personal name McFarland, Robert D.
942 ## - ADDED ENTRY ELEMENTS (KOHA)
Source of classification or shelving scheme Dewey Decimal Classification
Koha item type Books
Holdings
Source of classification or shelving scheme Damaged status Not for loan Home library Current library Shelving location Source of acquisition Total Checkouts Full call number Barcode Date last seen Copy number Koha item type
Dewey Decimal Classification     JCC Rouf Library JCC Rouf Library General Stacks Asia Foundation   697/.78 JON 1984 8046 12/21/2017 C - 1 Books

JCC Library | Contacts | JCC Home

Last Update on 23 September 2017
Copyright @ 2017-2020 JCC Rouf Library
Rouf Library, Jhenidah Cadet College (JCC), Bangladesh